| 000 | 00956nam a2200241 a 4500 | ||
|---|---|---|---|
| 999 |
_c5814 _d5814 |
||
| 001 | 5814 | ||
| 003 | BD-JhCC | ||
| 005 | 20171221200159.0 | ||
| 008 | 171221s1998 bg a|||| || | 000 0 ben d | ||
| 035 | _a(BD-JhCC)5814 | ||
| 040 |
_aBD-JhCC _dBD-JhCC |
||
| 041 | _aben | ||
| 082 |
_a570 _bSHA 1998 |
||
| 100 | _aশহীদুল্লাহ, এ. জে. এম. | ||
| 245 |
_aউচ্চ মাধ্যমিক জীববিজ্ঞান দ্বিতীয় পত্র : প্রাণিবিজ্ঞান / _cএ. জে. এম. শহীদুল্লাহ এবং অমরেন্দ্র নারায়ণ চৌধুরী |
||
| 260 |
_aঢাকা : _bমল্লিক ব্রাদার্স, _c1998. |
||
| 300 |
_a526 p. : _c26 cm. |
||
| 650 | _aBiology | ||
| 650 | _aZoology | ||
| 700 | _aচৌধুরী, অমরেন্দ্র নারায়ণ | ||
| 942 |
_2ddc _cBK |
||